000 00282 a2200121 4500
001 74954
082 _a910.01 DAS
090 _c39086
_d39086
100 _aDas Gupta
245 _aPrinciples of Physical Geography
_cGupta Das
260 _aDelhi
_bChand & CO
_c1983
300 _a424
942 _acaenust
_k910.01 DAS
999 _c310027
_d310027